Možnosti použitia metód sieťovej analýzy v technickej príprave výroby záverečná práca postgraduálneho štúdia

Guardado en:
Detalles Bibliográficos
Autor principal: Peter, Ivan
Autor Corporativo: Vysoká škola ekonomická v Bratislave
Otros Autores: Stern, Juraj
Formato: Libro
Lenguaje:eslovaco
Publicado: Bratislava 1989
Etiquetas: Agregar Etiqueta
Sin Etiquetas, Sea el primero en etiquetar este registro!

MARC

LEADER 00000nam a2200000 4500
001 c034742
005 20230116095149.5
041 0 |a slo 
044 |a SK 
245 1 0 |a Možnosti použitia metód sieťovej analýzy v technickej príprave výroby  |b záverečná práca postgraduálneho štúdia  |c Ivan Peter ; ved. práce Juraj Stern 
264 1 |a Bratislava  |c 1989 
300 |a 88 s.  |e 6 príl. 
100 1 |a Peter, Ivan 
700 1 |a Stern, Juraj 
710 2 |a Vysoká škola ekonomická v Bratislave